| 000 | 00633cam a2200169K 4500 | ||
|---|---|---|---|
| 082 |
_a516.15 _bMUK _cL-12, P-12 |
||
| 100 | 1 |
_aMookerjee, Sir Asutosh, _939363 |
|
| 245 | 1 | 3 |
_aAn elementary treatise on the geometry of conics _cBy Asutosh Mukhopadhyay. |
| 260 |
_aLondon, _aNew York, _bMacmillan & Co., _c1893. |
||
| 300 |
_a1 online resource (x p., 1 l., 184 p.) _bdiagrs. |
||
| 526 |
_a0 _b0 _c0 _d516_150000000000000_MUK |
||
| 526 |
_a0 _b0 _c0 _d516_150000000000000_MUK |
||
| 650 | 0 |
_aConic sections _xSynthetic. _939364 |
|
| 650 | 0 |
_aMCE _9379 |
|
| 856 | 4 | 0 | _uhttp://catalog.hathitrust.org/api/volumes/oclc/13484961.html |
| 942 |
_2ddc _cBK |
||
| 999 |
_c543864 _d543864 |
||